000 00638cam a2200229 a 4500
003 EG-GiCUC
008 820803s1961 rm d 000 0 rum
010 _a 62040866
040 _aDLC
_cCarP
_dDLC
050 0 0 _aPC781.F5
_bD45
092 0 4 _a443.591
_bD5544
_221
099 _a04
_a443.591 D5544
245 0 0 _aDictionar de buzunar francez-romin.
260 _aBucuresti,
_bEditura Stiintifica,
_c1961.
300 _axxxiv, 276 p.
_c17 cm.
650 0 _aFrench language
_vDictionaries
_xRomanian.
700 1 _aBraescu, Ion. [from old catalog]
902 _a1
905 _aEman
_eRev
905 _aJamal
_eCat.
942 _2ddc
_cREF
999 _c105017
_d105017